Istanbul Quiz - Statistics

General Stats
  • This quiz has been taken 282 times
  • The average score is 12 of 20
Answer Stats
Hint Answer % Correct
Empires over which it was the capital between 330 and 1922 (4) Ottoman
80%
Airport's name Atatürk
78%
Name from 330 to 1923 Constantinople
78%
Once the world's largest cathedral, now a museum Hagia Sophia
76%
How you take your coffee here {Turkish} Coffee
76%
Strait that bisects the city Bosphorus
71%
Middle name of the Father of Turkey, who died there in 1938 Mustafa {Kemal} Atatürk
70%
The region it is in (also the name of a nearby sea) Marmara
68%
2020 event that Istanbul was finalist for, losing to Tokyo Olympic Games
66%
Empires over which it was the capital between 330 and 1922 (1) Roman
63%
Empires over which it was the capital between 330 and 1922 (3) Byzantine
61%
Other major waterway that flows into it Golden {Horn}
61%
How you take your tea here {Apple} Tea
59%
Train from Paris, until 1977 Orient Express
56%
Palace from which Ottoman Empire was administered {Dolma}bahçe Palace
49%
Destination of YHT (Yüksek Hızlı Tren) high speed trains (1) Ankara
46%
Name when it was founded in 660 BC Byzantium
45%
Its citizens are called Istanbulites
34%
Destination of YHT (Yüksek Hızlı Tren) high speed trains (2) Konya
17%
Empires over which it was the capital between 330 and 1922 (2) Latin
11%
No matching quizzes found
Score Distribution
Percent of People with Each Score
Percentile by Number Answered
Your Score History
You have not taken this quiz